00334nam a2200121Ia 4500008004100000041000800041082001200049100002900061245004600090260004000136300001900176999001700195241015s9999 xx 000 0 und d aeng a657 GOD aGodwin/ Alderman/ Sanyal aFinancial Acct: A South-Asian Perspective bCengage Learning IndiaaDehlic2023 a512;. P. 27 cm c41804d41804